[Event "Druzynowe Mistrzostwa Polski - II liga"]
[Site "Sypniewo k. Jastrowia"]
[Date "1899-12-30"]
[Round "2.76"]
[White "Ciasnocha, Michal"]
[Black "Przybylski, Bartosz"]
[Result "1-0"]
[WhiteTitle "I++"]
[BlackTitle "I"]
[WhiteElo "1893"]
[BlackElo "1667"]

1. d4 Nf6 2. Nf3 c5 3. e3 cxd4 4. exd4 d6 5. Bd3 g6 6. O-O Bg7 7. b3 b6 8. Bb2
Bb7 9. Nbd2 O-O 10. Re1 Nc6 11. c4 d5 12. Rc1 Rc8 13. Bb1 Re8 14. Ne5 Nxe5 15.
dxe5 Nd7 16. Nf3 dxc4 17. e6 Bxf3 18. exf7+ Kxf7 19. Qxf3+ Nf6 20. bxc4 Qd7 21.
h3 Kg8 22. Ba3 e5 23. Bb2 Rc5 24. Ba3 Rcc8 25. c5 bxc5 26. Rxc5 Rxc5 27. Bxc5
Qd2 28. Qe3 Qxe3 29. Bxe3 Nd5 30. Bxa7 Ra8 31. Bc5 Ra5 32. Bd6 Nf4 33. Bc2 Kh8
34. Bb3 h5 35. Kh2 Nd3 36. Re2 Ra6 37. Be7 Nf4 38. Rc2 Ra8 39. Rc6 Kh7 40. Bg5
Nd3 41. Rc7 Kh8 42. Be3 Rb8 43. Bc4 e4 44. Re7 Be5+ 45. g3 Ne1 46. Be2 Bf6 47.
Rxe4 Rb2 48. Bc4 Nf3+ 49. Kg2 Ne1+ 50. Kf1 Rb1 51. Ke2 Nc2 52. Bd3 Rb2 53. Bxc2
Rxc2+ 54. Kf3 Rxa2 55. Rc4 Ra3 56. Ke4 Ra5 57. Rc6 Re5+ 58. Kd3 Rd5+ 59. Kc4 Rf5
60. g4 Rf3 61. Rxf6 Rxf6 62. Bd4 Kg7 63. g5 1-0

[Event "Druzynowe Mistrzostwa Polski - II liga"]
[Site "Sypniewo k. Jastrowia"]
[Date "1899-12-30"]
[Round "2.77"]
[White "Dolinski, Piotr"]
[Black "Wasik, Roman"]
[Result "1-0"]
[WhiteTitle "I"]
[BlackTitle "I"]
[WhiteElo "1677"]
[BlackElo "1355"]

1. c4 d6 2. g3 g6 3. Bg2 Bg7 4. Nf3 Nf6 5. O-O O-O 6. d3 e5 7. Nc3 Nc6 8. Bg5 h6
9. Bd2 a6 10. Rb1 Rb8 11. Qc1 Kh7 12. b4 Bg4 13. a4 Nd4 14. Re1 Qd7 15. b5 Qf5
16. Nxd4 exd4 17. Nd5 Nxd5 18. cxd5 Qc8 19. bxa6 bxa6 20. Rxb8 Qxb8 21. Qc6 Qb6
22. h3 Qxc6 23. dxc6 Be6 24. Rb1 d5 25. Bf4 Rc8 26. Rb7 Bf6 27. Rxc7 Ra8 28. Rb7
g5 29. Bd6 Rd8 30. Bc5 Be5 31. Bb6 Rc8 32. c7 Kg6 33. Rb8 Rxb8 34. cxb8=Q Bxb8
35. Bxd4 f6 36. a5 Bc7 37. Bb6 Bd6 38. d4 f5 39. e3 Kf6 40. f4 Ke7 41. fxg5 hxg5
42. Kf2 Kf6 43. Bf1 Bc8 44. Bd3 Ke7 45. h4 gxh4 46. gxh4 Kf6 47. Be2 Kg6 48. Bf3
Be6 49. Bd8 Bb4 50. Bc7 Be7 51. Kg3 Bb4 52. Kf4 Be7 53. Ke5 Bf7 54. h5+ Kg5 55.
Bxd5 Bf6+ 56. Kd6 Bxh5 57. Bc4 f4 58. exf4+ Kxf4 59. Ke6+ Kg5 60. Bf4+ Kxf4 61.
Kxf6 Ke4 62. d5 Kd4 63. d6 Be8 64. Bxa6 Kc5 65. Ke7 Bc6 66. Be2 Ba4 67. a6 Kb6
68. d7 Bxd7 69. Kxd7 Ka7 70. Kc6 Ka8 71. Kb6 Kb8 72. a7+ Ka8 73. Bf3# 1-0

[Event "Druzynowe Mistrzostwa Polski - II liga"]
[Site "Sypniewo k. Jastrowia"]
[Date "1899-12-30"]
[Round "2.78"]
[White "Polak, Sylwia"]
[Black "Paprocka, Renata"]
[Result "1-0"]
[WhiteTitle "I++"]
[BlackTitle "WFM"]
[WhiteElo "1481"]
[BlackElo "1914"]

1. d4 d5 2. c4 e6 3. Nc3 f5 4. Nf3 Nf6 5. e3 c6 6. Be2 Bd6 7. O-O O-O 8. a3 Nbd7
9. b4 Ne4 10. Qb3 Qf6 11. b5 Qh6 12. a4 Kh8 13. g3 Ndf6 14. Ba3 Ng4 15. Bxd6 Qh3
16. Nb1 Nxd6 17. Qb4 Rd8 18. Nbd2 Ne4 19. Rac1 Bd7 20. Rc2 Rf8 21. Qe7 Rf6 22.
cxd5 Rh6 23. dxc6 bxc6 24. Qxd7 Nxh2 25. Nh4 Ng4 26. Bxg4 Qxg4 27. Nxe4 fxe4 28.
bxc6 Rxh4 29. c7 h6 30. Qd8+ Kh7 31. Qxh4 Qxh4 32. gxh4 Rc8 33. Rb1 Kg6 34. Rb8
Rxc7 35. Rxc7 a5 36. Rb5 Kf6 37. Rc6 g6 38. Re5 h5 39. Rcxe6+ Kg7 40. Rg5 Kh7
41. Rexg6 Kh8 42. Rxh5# 1-0

[Event "Druzynowe Mistrzostwa Polski - II liga"]
[Site "Sypniewo k. Jastrowia"]
[Date "1899-12-30"]
[Round "2.79"]
[White "Dixa, Oskar"]
[Black "Mickiewicz, Piotr"]
[Result "0-1"]
[WhiteTitle "k"]
[BlackTitle "m"]
[WhiteElo "1988"]
[BlackElo "2308"]

1. e4 c5 2. Nf3 d6 3. d4 Nf6 4. Nc3 cxd4 5. Nxd4 Nc6 6. Bg5 e6 7. Qd2 h6 8. Bxf6
gxf6 9. O-O-O a6 10. f4 Bd7 11. Kb1 h5 12. f5 Bh6 13. Nxc6 Bxc6 14. Qxd6 Qxd6
15. Rxd6 Bf4 16. Rd1 Ke7 17. Bd3 Rag8 18. g3 Be5 19. Rhg1 h4 20. gxh4 Rxg1 21.
Rxg1 Rxh4 22. Re1 Bxc3 23. bxc3 Rxh2 24. fxe6 fxe6 25. e5 Rh1 26. Rxh1 Bxh1 27.
exf6+ Kxf6 28. Kc1 Ke5 29. Kd2 Kf4 30. Bc4 e5 31. Ke2 Bf3+ 32. Ke1 Ke3 33. Be6
Be4 34. Bc8 a5 35. a3 b6 36. Kd1 Kf2 37. Kd2 Bf3 38. Kd3 e4+ 39. Kd4 e3 40. Ba6
Be2 41. Bc8 Bb5 42. Bg4 Bc6 0-1

[Event "Druzynowe Mistrzostwa Polski - II liga"]
[Site "Sypniewo k. Jastrowia"]
[Date "1899-12-30"]
[Round "2.80"]
[White "Mazurkiewicz, Michal"]
[Black "Janiszewski, Filip"]
[Result "1-0"]
[WhiteTitle "CM"]
[BlackTitle "I++"]
[WhiteElo "2193"]
[BlackElo "1983"]

1. e4 c5 2. Nf3 d6 3. g3 Nc6 4. Bg2 Nf6 5. d3 e6 6. O-O Be7 7. Re1 O-O 8. c3 Bd7
9. a3 Rc8 10. b4 cxb4 11. axb4 a5 12. b5 Ne5 13. Nd4 Ng6 14. Qb3 b6 15. c4 h5
16. Nc3 h4 17. Na4 hxg3 18. hxg3 Ng4 19. Qd1 Bf6 20. Bb2 Nh6 21. Qh5 Ne5 22. Rad1
Nxc4 23. dxc4 Rxc4 24. e5 Bxe5 25. Rxe5 dxe5 26. Nc6 Qe8 27. Nxb6 Bxc6 28. bxc6
Rb4 29. Ba3 Rxb6 30. Bxf8 Kxf8 31. c7 Ke7 32. Rd8 Qa4 33. Qg5+ 1-0

[Event "Druzynowe Mistrzostwa Polski - II liga"]
[Site "Sypniewo k. Jastrowia"]
[Date "1899-12-30"]
[Round "2.81"]
[White "Adamczewski, Jedrzej"]
[Black "Maciaga, Marcin"]
[Result "0-1"]
[WhiteTitle "I++"]
[BlackTitle "k+"]
[WhiteElo "1941"]
[BlackElo "2116"]

1. e4 c5 2. Nf3 Nc6 3. Bb5 e5 4. O-O Bd6 5. c3 a6 6. Bc4 b5 7. Bd5 Nge7 8. Re1
O-O 9. a4 Rb8 10. d4 exd4 11. axb5 axb5 12. cxd4 c4 13. Bg5 Qc7 14. Bxc6 dxc6
15. Nc3 Bg4 16. h3 Bh5 17. d5 f6 18. Be3 c5 19. Qe2 Rfe8 20. g4 Bg6 21. Nd2 Be5
22. Ra6 b4 23. Na4 c3 24. bxc3 bxc3 25. d6 Qc8 26. d7 Qxd7 27. Nxc5 Qb5 28. Nc4
Nc6 29. Nxe5 Qxe2 30. Rxe2 Nxe5 31. Ra3 Rb2 32. Rxb2 cxb2 33. Rb3 Nc4 34. Na4
Nxe3 35. fxe3 b1=Q+ 36. Rxb1 Rxe4 37. Rb8+ Kf7 38. Nc5 Rxe3 39. Rb7+ Re7 40. Kf2
Rxb7 41. Nxb7 Ke6 42. Ke3 Kd5 43. Kf4 h6 44. h4 Bf7 45. Na5 Kd6 46. Nb7+ Kd5 47.
Na5 Be6 48. Nb3 Kc4 49. Nd2+ Kd3 50. Ne4 Kd4 51. Nxf6 gxf6 52. g5 Bf7 53. Kf5
fxg5 54. hxg5 h5 55. Kf6 Bd5 56. g6 h4 0-1

[Event "Druzynowe Mistrzostwa Polski - II liga"]
[Site "Sypniewo k. Jastrowia"]
[Date "1899-12-30"]
[Round "2.82"]
[White "Krasiewicz, Robert"]
[Black "Geraschenko, Dmitry"]
[Result "1/2-1/2"]
[WhiteTitle "k+"]
[BlackTitle "II+"]
[WhiteElo "2050"]
[BlackElo "1851"]

1. c4 e6 2. g3 Nf6 3. Bg2 d5 4. Nf3 Be7 5. O-O O-O 6. b3 a5 7. Nc3 Nbd7 8. Bb2
Nb6 9. Ne5 a4 10. Nxa4 Nxa4 11. bxa4 Qe8 12. a5 Rxa5 13. d4 Qa4 14. Qb3 Ne4 15.
Qe3 Ba3 16. Rfb1 Bxb2 17. Rxb2 Nd6 18. Qc3 f6 19. Rb4 Qe8 20. Nf3 dxc4 21. a4
Bd7 22. Nd2 b5 23. Rxb5 Rxb5 24. axb5 Bxb5 25. e4 e5 26. d5 Qb8 27. Bf1 Qb6 28.
Rc1 f5 29. exf5 Rxf5 30. Qe3 Qd4 31. Nxc4 Nxc4 32. Bxc4 Bxc4 33. Qxd4 exd4 34.
Rxc4 Rxd5 35. Rxc7 d3 36. Rc1 Kf7 37. f3 Re5 38. Rd1 Re3 39. f4 Ke6 40. Kf2 Re2+
41. Kf3 Rxh2 42. Rxd3 Ra2 43. Rb3 Ra6 44. g4 h6 45. Rb4 Kf6 46. Ke4 Re6+ 47. Kf3
1/2-1/2

[Event "Druzynowe Mistrzostwa Polski - II liga"]
[Site "Sypniewo k. Jastrowia"]
[Date "1899-12-30"]
[Round "2.83"]
[White "Grzegorski, Michal"]
[Black "Bugajski, Robert"]
[Result "0-1"]
[WhiteTitle "I"]
[BlackTitle "FM"]
[WhiteElo "1752"]
[BlackElo "2047"]

1. e4 c5 2. Nf3 d6 3. d4 Nf6 4. Nc3 cxd4 5. Nxd4 a6 6. Bg5 e6 7. f4 Be7 8. Qf3
h6 9. Bh4 Qc7 10. O-O-O Nbd7 11. Be2 b5 12. a3 Bb7 13. Bxf6 Nxf6 14. f5 e5 15.
Nb3 Rc8 16. Bd3 O-O 17. h4 Rfd8 18. Nd5 Bxd5 19. exd5 Re8 20. Nd2 e4 21. Nxe4
Nxe4 22. Bxe4 Bf6 23. Qd3 Qe7 24. Rde1 Rc4 25. Bf3 Qxe1+ 26. Rxe1 Rxe1+ 27. Kd2
Rd4 28. Qxd4 Bxd4 29. Kxe1 Bxb2 30. a4 bxa4 31. Be2 a3 32. Bc4 Kf8 33. Ke2 Ke7
34. Kf3 Kf6 35. Ke4 h5 36. g3 Bc3 37. Bb3 Be5 38. Kf3 Kxf5 39. Bc4 Bc3 40. Ba2
a5 41. Bb3 a4 42. Ba2 f6 43. Bc4 Ke5 44. Ba2 f5 45. Ke3 Be1 46. Kf3 g6 47. c4
Kd4 48. Kf4 Bd2+ 49. Kf3 Kc3 50. Ke2 Kc2 51. c5 dxc5 52. d6 Ba5 53. d7 Kb2 54.
Kd1 Kxa2 55. Kc2 Bd8 0-1

[Event "Druzynowe Mistrzostwa Polski - II liga"]
[Site "Sypniewo k. Jastrowia"]
[Date "1899-12-30"]
[Round "2.84"]
[White "Andrzejewska, Anna"]
[Black "Barwinska, Ewa"]
[Result "1/2-1/2"]
[WhiteTitle "WCM"]
[BlackTitle "I++"]
[WhiteElo "1933"]
[BlackElo "1826"]

1. e4 c5 2. Nf3 d6 3. d4 cxd4 4. Nxd4 Nf6 5. Nc3 a6 6. Bg5 e6 7. f4 h6 8. Bh4 Qb6
9. a3 Be7 10. Bf2 Qc7 11. Bd3 b5 12. O-O Bb7 13. Qe2 Nbd7 14. Rae1 Nc5 15. Kh1
O-O 16. Bg3 Qb6 17. Nb3 b4 18. Nxc5 dxc5 19. axb4 cxb4 20. Na4 Qc6 21. b3 Nd7
22. Bc4 Nc5 23. Nxc5 Qxc5 24. Bf2 Qc6 25. Bd4 Rfd8 26. Ba1 a5 27. Qg4 Bf8 28.
f5 Bc8 29. Rf3 exf5 30. exf5 Re8 31. Ref1 Re4 32. Qh5 Rxc4 33. bxc4 Qxc4 34. Re1
Qxc2 35. Rg3 Qf2 36. Rd1 Qc2 37. Rf1 Ra6 38. f6 g6 39. Qb5 a4 40. Re3 Rc6 41.
Re8 Bd7 1/2-1/2

[Event "Druzynowe Mistrzostwa Polski - II liga"]
[Site "Sypniewo k. Jastrowia"]
[Date "1899-12-30"]
[Round "2.85"]
[White "Skrobek, Ryszard"]
[Black "Nadstoga, Wojciech"]
[Result "1-0"]
[WhiteTitle "IM"]
[BlackTitle "I++"]
[WhiteElo "2316"]
[BlackElo "1941"]

1. e4 d6 2. d4 Nf6 3. Nc3 g6 4. f4 Bg7 5. Nf3 O-O 6. Bd3 c5 7. dxc5 dxc5 8. e5
Nd5 9. Nxd5 Qxd5 10. Qe2 Nc6 11. Be4 Qd7 12. Be3 b6 13. h4 Bb7 14. h5 Na5 15.
Bxb7 Qxb7 16. hxg6 fxg6 17. Ng5 h6 18. Ne6 Rf7 19. Bd2 Qd5 20. Nc7 Qc6 21. Nxa8
Qxa8 22. O-O-O Qc8 23. Bxa5 bxa5 24. Qc4 Qf5 25. g3 g5 26. Rhf1 Kh7 27. g4 1-0

[Event "Druzynowe Mistrzostwa Polski - II liga"]
[Site "Sypniewo k. Jastrowia"]
[Date "1899-12-30"]
[Round "2.86"]
[White "Wesolowski, Edgar"]
[Black "Kossobudzki, Robert"]
[Result "0-1"]
[WhiteTitle "I++"]
[BlackTitle "I"]
[WhiteElo "1951"]
[BlackElo "2052"]

1. c4 b6 2. d4 Bb7 3. d5 e6 4. e4 Qh4 5. Bd3 f5 6. Qe2 fxe4 7. Bxe4 Nf6 8. Bf3
Bb4+ 9. Bd2 Na6 10. dxe6 O-O-O 11. exd7+ Rxd7 12. Bxb7+ Kxb7 13. Nf3 Qg4 14. O-O
Re8 15. Be3 Nh5 16. Rc1 Bc5 17. h3 Nf4 18. Bxf4 Qxf4 19. Qf1 Re2 20. Qxe2 Qxc1+
21. Kh2 Nb4 22. a3 Nc2 23. Qe4+ c6 24. Ne5 Rc7 25. Nd3 Bd6+ 26. f4 Qf1 27. c5
Re7 28. Qf3 Qxf3 29. gxf3 Nxa1 30. cxd6 Rd7 31. Kg3 Rxd6 32. Ne5 Nb3 33. Nc3 Rd2
34. Ne4 Rxb2 35. Nd6+ Kb8 36. Nxc6+ Kc7 37. Ne5 g6 38. Ne8+ Kd8 39. Nf6 Nd4 40.
h4 Ne2+ 41. Kg4 Rb1 42. Kg5 Rg1+ 43. Nfg4 h5 44. Nxg6 hxg4 45. fxg4 Nd4 46. f5
Ke8 47. Ne5 b5 48. Kg6 Re1 49. Nf7 a5 50. h5 b4 51. axb4 axb4 52. h6 Rh1 53. Ng5
b3 54. f6 b2 55. f7+ Ke7 56. Kg7 Rf1 57. h7 b1=Q 58. h8=Q Ne6+ 59. Nxe6 Rxf7+
60. Kg8 Qb8+ 0-1

[Event "Druzynowe Mistrzostwa Polski - II liga"]
[Site "Sypniewo k. Jastrowia"]
[Date "1899-12-30"]
[Round "2.87"]
[White "Grzesik, Norbert"]
[Black "Mierzynski, Jaroslaw"]
[Result "1-0"]
[WhiteTitle "I++"]
[BlackTitle "I+"]
[WhiteElo "1945"]
[BlackElo "1922"]

1. e4 e6 2. d4 d5 3. Nc3 Nf6 4. Bg5 Bb4 5. Ne2 dxe4 6. a3 Be7 7. Bxf6 Bxf6 8. Nxe4
O-O 9. c3 e5 10. d5 Be7 11. Qb3 Kh8 12. c4 f5 13. N4c3 Nd7 14. Ng3 Nc5 15. Qc2
a5 16. Be2 a4 17. O-O Bd7 18. Rad1 Ra6 19. Rfe1 Rh6 20. Nb5 Bd6 21. Nxd6 cxd6
22. Nf1 Qf6 23. Qc3 Rg6 24. f4 Ne4 25. fxe5 Nxc3 26. exf6 Nxd1 27. fxg7+ Rxg7
28. Rxd1 Re8 29. Rd2 Rge7 30. Kf2 Kg7 31. Ng3 Kf6 32. Bf3 Rc8 33. Be2 Be8 34.
Bd3 Bg6 35. Ne2 f4 36. Nxf4 Bxd3 37. Nxd3 Rxc4 38. Nb4 Kf5 39. g3 h5 40. Kg2 Rce4
41. Kf2 Kg4 42. Nd3 Rd4 43. h3+ Kg5 44. Kf3 Rxd5 45. h4+ Kf6 46. Rd1 Rd4 47. Rd2
d5 48. Rd1 Rc7 49. Ke3 Re4+ 50. Kf3 Rd4 51. Ke3 Rg4 52. Nf4 d4+ 53. Rxd4 Rc5 54.
Nxh5+ Rxh5 55. Rxg4 Rb5 56. Rxa4 Rxb2 57. Rb4 1-0

[Event "Druzynowe Mistrzostwa Polski - II liga"]
[Site "Sypniewo k. Jastrowia"]
[Date "1899-12-30"]
[Round "2.88"]
[White "Kowalewicz, Kacper"]
[Black "Meller, Piotr"]
[Result "1-0"]
[WhiteTitle "I+"]
[BlackTitle "I"]
[WhiteElo "1831"]
[BlackElo "2023"]

1. Nf3 Nf6 2. g3 b6 3. Bg2 Bb7 4. O-O c5 5. d3 g6 6. c3 Bg7 7. Nbd2 O-O 8. Qc2
Nc6 9. e4 Rc8 10. a4 d5 11. exd5 Nxd5 12. Re1 e6 13. Nc4 Qc7 14. Ng5 h6 15. Ne4
Rcd8 16. Qb3 a6 17. a5 b5 18. Nxc5 Bc8 19. Ne3 Ne5 20. Nxd5 exd5 21. d4 Nc4 22.
Qa2 Rfe8 23. Bf4 Rxe1+ 24. Rxe1 Qxa5 25. Qxa5 Nxa5 26. Bc7 1-0

[Event "Druzynowe Mistrzostwa Polski - II liga"]
[Site "Sypniewo k. Jastrowia"]
[Date "1899-12-30"]
[Round "2.89"]
[White "Paprocki, Artur"]
[Black "Wawrzyniak, Pawel"]
[Result "0-1"]
[WhiteTitle "I"]
[BlackTitle "I"]
[WhiteElo "1842"]
[BlackElo "1764"]

1. c4 Nf6 2. Nc3 e6 3. Nf3 d5 4. cxd5 exd5 5. d4 Be7 6. Bg5 O-O 7. e3 h6 8. Bh4
c6 9. Bd3 Ne4 10. Bxe7 Qxe7 11. Qc2 Nxc3 12. bxc3 Be6 13. O-O Nd7 14. Rae1 Nf6
15. Ne5 Rac8 16. f4 Rc7 17. Qe2 Qa3 18. f5 Bc8 19. c4 b6 20. Rf3 Qd6 21. Rg3 Re7
22. Qf3 c5 23. cxd5 cxd4 24. Nc4 Qb4 25. Rb1 Qc3 26. d6 Ree8 27. exd4 Qxd4+ 28.
Qf2 Qxf2+ 29. Kxf2 Ne4+ 30. Bxe4 Rxe4 31. Ne3 Rd4 32. f6 g6 33. Rd1 Rxd1 34. Nxd1
Be6 35. Nc3 Rd8 36. Rd3 Kf8 37. Nb5 Bc4 38. Rh3 0-1

[Event "Druzynowe Mistrzostwa Polski - II liga"]
[Site "Sypniewo k. Jastrowia"]
[Date "1899-12-30"]
[Round "2.90"]
[White "Leszner, Liliana"]
[Black "Korosciel, Aneta"]
[Result "0-1"]
[WhiteTitle "WIM"]
[BlackTitle "m"]
[WhiteElo "1889"]
[BlackElo "1966"]

1. e4 d6 2. d4 Nf6 3. Nc3 c6 4. f3 Nbd7 5. Nh3 e5 6. Nf2 Be7 7. Be3 Qc7 8. a4 b6
9. Bc4 Bb7 10. Qe2 a6 11. Bb3 b5 12. axb5 axb5 13. Rxa8+ Bxa8 14. O-O O-O 15.
Ra1 b4 16. Na4 exd4 17. Bxd4 c5 18. Be3 Rc8 19. Bc4 d5 20. exd5 Bxd5 21. b3 Bd6
22. Bxd5 Bxh2+ 23. Kh1 Nxd5 24. Bxc5 Nxc5 25. Nxc5 Qxc5 26. Kxh2 h6 27. Rc1 Nc3
28. Qd2 Na2 29. Re1 Qxc2 30. Re2 Qc7+ 31. Kg1 Nc3 32. Re1 Ra8 33. Qd4 Ra1 34.
Kf1 Rxe1+ 35. Kxe1 Qa5 36. Nd3 Qa1+ 37. Kd2 Qd1+ 38. Ke3 Qg1+ 39. Nf2 Qe1+ 0-1

[Event "Druzynowe Mistrzostwa Polski - II liga"]
[Site "Sypniewo k. Jastrowia"]
[Date "1899-12-30"]
[Round "2.91"]
[White "Simon, Marek"]
[Black "Schmidt, Wlodzimierz"]
[Result "0-1"]
[WhiteTitle "I+"]
[BlackTitle "GM"]
[WhiteElo "1849"]
[BlackElo "2196"]

1. d4 Nf6 2. c4 g6 3. Nc3 d5 4. Qb3 dxc4 5. Qxc4 Bg7 6. e4 O-O 7. Be2 a6 8. Bf4
b5 9. Qxc7 Qxc7 10. Bxc7 b4 11. Na4 Nc6 12. d5 Nd4 13. Bd3 Bd7 14. Nb6 Bb5 15.
Be5 Bxd3 16. Bxd4 Ra7 17. f3 Rc7 18. Nh3 Rc2 19. Nf4 Nh5 20. Bxg7 Nxf4 21. Bh6
Re2+ 22. Kf1 Rxg2+ 23. Ke1 Re2+ 24. Kf1 Rxh2+ 25. Kg1 Rg2# 0-1

[Event "Druzynowe Mistrzostwa Polski - II liga"]
[Site "Sypniewo k. Jastrowia"]
[Date "1899-12-30"]
[Round "2.92"]
[White "Smagalski, Slawomir"]
[Black "Wojtkowski, Pawel"]
[Result "1-0"]
[WhiteTitle "I++"]
[BlackTitle "I+"]
[WhiteElo "1939"]
[BlackElo "1850"]

1. Nf3 b5 2. g3 Bb7 3. Bg2 Nf6 4. d3 e6 5. O-O Be7 6. c4 bxc4 7. dxc4 c5 8. Nc3
O-O 9. Bf4 d6 10. Qb3 Qb6 11. Rfd1 e5 12. Bg5 Rd8 13. Qxb6 axb6 14. Nb5 Nc6 15.
Bxf6 gxf6 16. Nh4 Na5 17. Nf5 Kf8 18. Bxb7 Nxb7 19. Nc7 Ra7 20. Nd5 Rd7 21. Nxb6
Rc7 22. Nd5 Rd7 23. Ndxe7 Rxe7 24. Nxe7 Kxe7 25. g4 Na5 26. Rac1 Nc6 27. a3 Rb7
28. Rd2 Nd4 29. Rb1 Rb3 30. f3 f5 31. gxf5 Nxf5 32. Rd3 Rb8 33. Kf2 Ke6 34. b4
h5 35. b5 h4 36. a4 h3 37. a5 Rg8 38. Rg1 1-0

[Event "Druzynowe Mistrzostwa Polski - II liga"]
[Site "Sypniewo k. Jastrowia"]
[Date "1899-12-30"]
[Round "2.93"]
[White "Janicki, Rafal"]
[Black "Swiatnicki, Andrzej"]
[Result "0-1"]
[WhiteTitle "I+"]
[BlackTitle "k"]
[WhiteElo "1819"]
[BlackElo "1976"]

1. e4 e6 2. d4 d5 3. Bd3 dxe4 4. Bxe4 Nf6 5. Bf3 c5 6. Ne2 Nc6 7. Be3 Nd5 8. O-O
Nxe3 9. Bxc6+ bxc6 10. fxe3 Ba6 11. Nbc3 Be7 12. Rf3 O-O 13. Nf4 Rb8 14. Rg3 cxd4
15. Ne4 dxe3 16. Qg4 g6 17. Qh5 Qd4 18. Qf3 e2+ 19. Kh1 Rb4 20. Nxe2 Qxe4 21.
Qxe4 Rxe4 22. Nc3 Rb4 23. b3 Rd8 24. a3 Rf4 25. Kg1 Bc5+ 26. Kh1 Rd2 0-1

[Event "Druzynowe Mistrzostwa Polski - II liga"]
[Site "Sypniewo k. Jastrowia"]
[Date "1899-12-30"]
[Round "2.94"]
[White "Smagalski, Jaroslaw"]
[Black "Skrzypczak, Michal"]
[Result "1/2-1/2"]
[WhiteTitle "I"]
[BlackTitle "I++"]
[WhiteElo "1850"]
[BlackElo "1865"]

1. e4 c5 2. Nc3 e6 3. f4 Nc6 4. Nf3 g6 5. e5 d5 6. g3 a6 7. a4 Bg7 8. Bg2 f6 9.
exf6 Nxf6 10. O-O c4 11. d4 cxd3 12. cxd3 Ng4 13. Qe2 O-O 14. Kh1 h5 15. h3 Nh6
16. Nh4 Kh7 17. f5 Nxf5 18. Nxf5 exf5 19. Nxd5 Nd4 20. Qd1 Bd7 21. Nf4 Bc6 22.
Bd2 Bxg2+ 23. Kxg2 b5 24. Bc3 Qd6 25. Kh2 Rae8 26. axb5 axb5 27. Ra7 b4 28. Bxd4
Qxd4 29. Rc7 Qxb2+ 30. Rc2 Qd4 31. h4 Re3 32. Rc4 Qb2+ 33. Rc2 Qe5 34. Rc4 Rd8
35. Rg1 Rd4 36. Rg2 Bh6 37. Qa4 Rxc4 38. Qd7+ Bg7 39. dxc4 b3 40. Nd5 Re1 1/2-1/2

[Event "Druzynowe Mistrzostwa Polski - II liga"]
[Site "Sypniewo k. Jastrowia"]
[Date "1899-12-30"]
[Round "2.95"]
[White "Wlodarczak, Damian"]
[Black "Walaszczyk, Witold"]
[Result "0-1"]
[WhiteTitle "I"]
[BlackTitle "k"]
[WhiteElo "1820"]
[BlackElo "2019"]

1. e4 c5 2. Nf3 g6 3. d4 cxd4 4. Nxd4 Bg7 5. Nc3 Nc6 6. Nb3 Nf6 7. f3 O-O 8. Be3
d6 9. Qd2 Be6 10. Be2 a6 11. O-O b5 12. Rac1 d5 13. exd5 Nxd5 14. Nxd5 Qxd5 15.
Qxd5 Bxd5 16. c3 Ne5 17. Bd4 Nc4 18. Bxg7 Kxg7 19. Bxc4 Bxc4 20. Rfd1 a5 21. Rd7
a4 22. Nd4 Bxa2 23. Rxe7 Bc4 24. Rce1 a3 25. b3 a2 26. Ra1 Bd3 27. Re3 Bb1 28.
Nxb5 Rfd8 29. Nd4 Rab8 30. Kf2 Rb6 31. Re1 Rc8 32. c4 Rd6 33. Nb5 Rd3 34. Rexb1
axb1=Q 35. Rxb1 Rd2+ 36. Kg3 Rc5 37. h4 g5 38. h5 Kh6 39. Nc3 f5 40. Na4 Re5 41.
Nc3 Re3 42. Rc1 Kxh5 43. b4 f4+ 44. Kh2 Rxf3 45. b5 Rg3 46. b6 Rdxg2+ 47. Kh1
f3 48. Na4 0-1

[Event "Druzynowe Mistrzostwa Polski - II liga"]
[Site "Sypniewo k. Jastrowia"]
[Date "1899-12-30"]
[Round "2.96"]
[White "Bukowska, Katarzyna"]
[Black "Stochnialek, Dominika"]
[Result "1/2-1/2"]
[WhiteTitle "k++"]
[BlackTitle "I++"]
[WhiteElo "1844"]
[BlackElo "1706"]

1. e4 e6 2. d4 d5 3. Nd2 c5 4. exd5 exd5 5. Ngf3 Nf6 6. Bb5+ Bd7 7. Bxd7+ Nbxd7
8. O-O Be7 9. c4 O-O 10. cxd5 Nxd5 11. Qb3 N7b6 12. dxc5 Bxc5 13. Ne4 Qc7 14.
Bd2 Rfe8 15. Nxc5 Qxc5 16. Rac1 Qd6 17. Rfe1 h6 18. a4 Rxe1+ 19. Rxe1 Qc6 20.
a5 Qc4 21. Qxc4 Nxc4 22. b3 Nxd2 1/2-1/2

[Event "Druzynowe Mistrzostwa Polski - II liga"]
[Site "Sypniewo k. Jastrowia"]
[Date "1899-12-30"]
[Round "2.97"]
[White "Bilczewski, Kacper"]
[Black "Dziewonski, Dariusz"]
[Result "1/2-1/2"]
[WhiteTitle "k+"]
[BlackTitle "I++"]
[WhiteElo "2112"]
[BlackElo "2015"]

1. e4 e5 2. Nf3 Nc6 3. Bc4 Bc5 4. c3 Nf6 5. d4 exd4 6. cxd4 Bb4+ 7. Nbd2 Nxe4 8.
d5 Ne7 9. O-O Nxd2 10. Bxd2 Bxd2 11. d6 cxd6 12. Qxd2 O-O 13. Ng5 d5 14. Qd3 g6
15. Bxd5 Nxd5 16. Qxd5 d6 17. Ne4 Be6 18. Qd4 Qb6 19. Nf6+ Kh8 20. Qd2 Qd8 21.
Ne4 d5 22. Qd4+ f6 23. Nc5 Qb6 24. Rfe1 Rae8 25. Re3 Bg8 26. Rae1 Rxe3 27. Rxe3
Qc6 28. Rc3 1/2-1/2

[Event "Druzynowe Mistrzostwa Polski - II liga"]
[Site "Sypniewo k. Jastrowia"]
[Date "1899-12-30"]
[Round "2.98"]
[White "Maj, Samuel"]
[Black "Panek, Bartosz"]
[Result "1-0"]
[WhiteTitle "I"]
[BlackTitle "I++"]
[WhiteElo "1839"]
[BlackElo "2082"]

1. d4 Nf6 2. c4 g6 3. Nc3 d5 4. cxd5 Nxd5 5. Bd2 Bg7 6. e4 Nb6 7. Be3 O-O 8. Nf3
f5 9. exf5 Bxf5 10. Be2 N8d7 11. Qb3+ Kh8 12. g4 Bxg4 13. Ng5 Bxe2 14. Nxe2 e5
15. Nf7+ Rxf7 16. Qxf7 exd4 17. Nxd4 Ne5 18. Qxg7+ Kxg7 19. Ne6+ Kf6 20. Nxd8
Rxd8 21. Ke2 Nd5 22. Rac1 c6 23. Rhg1 Re8 24. Rg3 h5 25. Bd4 Kf5 26. Kf1 Nf7 27.
Rf3+ Nf4 28. Be3 g5 29. Bxf4 gxf4 30. Rc4 Re4 31. Rxe4 Kxe4 32. Rh3 Ne5 33. Rxh5
b5 34. h4 c5 35. Rh7 c4 36. h5 b4 37. Ke2 f3+ 38. Kd2 Kf5 39. Rxa7 Ng4 40. Ke1
Kf6 41. Ra6+ Kg5 42. Ra5+ Kh6 43. Rc5 1-0

[Event "Druzynowe Mistrzostwa Polski - II liga"]
[Site "Sypniewo k. Jastrowia"]
[Date "1899-12-30"]
[Round "2.99"]
[White "Radecki, Adam"]
[Black "Pietrzak, Tomasz"]
[Result "1/2-1/2"]
[WhiteTitle "I+"]
[BlackTitle "I"]
[WhiteElo "2028"]
[BlackElo "1757"]

1. e4 e5 2. Nf3 Nc6 3. Bc4 Bc5 4. c3 Nf6 5. d4 exd4 6. cxd4 Bb4+ 7. Nbd2 Nxe4 8.
d5 Ne7 9. O-O Nxd2 10. Bxd2 Bxd2 11. d6 cxd6 12. Qxd2 O-O 13. Ng5 d5 14. Bxd5
Nxd5 15. Qxd5 d6 16. Rfe1 h6 17. Ne4 Be6 18. Qxb7 Qb6 19. Qxb6 axb6 20. Nxd6 Rxa2
21. Rxa2 Bxa2 22. Re8 Rxe8 23. Nxe8 Kf8 24. Nd6 Be6 25. f3 Ke7 26. Ne4 1/2-1/2

[Event "Druzynowe Mistrzostwa Polski - II liga"]
[Site "Sypniewo k. Jastrowia"]
[Date "1899-12-30"]
[Round "2.100"]
[White "Piwowarczyk, Bartlomiej"]
[Black "Samborski, Henryk"]
[Result "0-1"]
[WhiteTitle "I++"]
[BlackTitle "k"]
[WhiteElo "1884"]
[BlackElo "2052"]

1. d4 Nf6 2. Nf3 g6 3. c4 Bg7 4. Nc3 O-O 5. e4 d6 6. Be2 e5 7. O-O Nc6 8. d5 Ne7
9. Ne1 Nd7 10. Nd3 f5 11. Bd2 Nf6 12. f3 Kh8 13. Rc1 Neg8 14. c5 Bh6 15. Nb5 fxe4
16. Bxh6 Nxh6 17. fxe4 a6 18. Qd2 axb5 19. Qxh6 Bd7 20. Nf2 Rxa2 21. cxd6 cxd6
22. Ng4 Bxg4 23. Bxg4 Ra8 24. Bf3 Qb6+ 25. Kh1 Rf7 26. h3 Raf8 27. Rfe1 Qf2 28.
Kh2 Ng8 29. Re2 Qxe2 30. Qxf8 Qxf3 31. Qxg8+ Kxg8 32. gxf3 Rxf3 33. Rc7 Rb3 34.
Rxb7 Rxb2+ 35. Kg3 Rb3+ 36. Kg2 g5 37. Rb6 b4 38. Rxd6 Re3 39. Rb6 Rxe4 40. Rb7
Rd4 41. Kf3 h5 42. d6 Kf8 43. Ke3 Rxd6 44. Ke4 Rf6 45. Kxe5 Rf4 46. h4 Rxh4 47.
Kf6 Ke8 48. Kxg5 Rc4 49. Kxh5 Kd8 50. Kg5 Kc8 51. Rb5 Kc7 52. Kf5 Kc6 53. Rb8
Kd5 54. Rd8+ Kc5 55. Ke5 Rh4 56. Rc8+ Kb5 57. Kd5 b3 58. Rb8+ Ka4 59. Kc5 Ka3
60. Ra8+ Kb2 61. Kd5 Kc2 62. Rc8+ Kd3 63. Rb8 Rh5+ 64. Kd6 Kc3 65. Rc8+ Kb4 66.
Ra8 b2 67. Kc6 Kc3 0-1